000 006920000a22002290004500
090 _aAR
_b01089
245 1 0 _aDisturbance and regeneration in Amazonia: lessons for sustainable land-use
650 1 4 _aDisturbios
_994055
650 1 4 _aBosques
_992270
650 1 4 _aRegeneración de Bosques
_994315
650 1 4 _aVegetación
_992799
650 1 4 _aAmazonía
_932858
041 0 _aInglés
700 1 _aNepstad, Daniel C.
_913139
700 1 _aBuschbacher, Robert
_994314
700 1 _aClark, Kathleen
_994302
700 1 _aKauffman, Boone
_994316
700 1 _aSubler, Scott
_994317
100 1 _aUhl, Christopher
_994304
942 _cARTICULO
773 1 _tEcologist
_3326
_h6
_q1-10
_d1989
_g19
999 _c10176
_d10176